000 00438nam a2200157Ia 4500
008 151021s9999 xx 000 0 und d
020 _a9.7804703911e+012
245 _a_Statistics (9th ed.) Robert S. witte
260 _aUSA John Wiley & sons 2010
300 _axvii,556p.;ill
500 _aInclude index
500 _aInclude index
650 _a_statistics
700 _a_Witte S. John
980 _a^d20120827 05:59:52^oanne
999 _c12540
_d12540